[Event "11. KUP SS OBZ 2018"]
[Site "Našice"]
[Date "2018.02.17"]
[Round "2.2"]
[White "Grandic, Zvjezdan"]
[Black "Sulc, Gordana"]
[Result "1-0"]
[WhiteElo "2210"]
[BlackElo "1862"]
[PlyCount "83"]
[EventDate "2018.02.16"]
[WhiteTeam "ŠK SLAVONAC, Našice"]
[BlackTeam "ŠK ĐAKOVO III, Đakovo"]

1. e4 c5 2. Nf3 d6 3. d4 cxd4 4. Nxd4 Nf6 5. Nc3 a6 6. Be3 e5 7. Nb3 Be6 8. Qd2
Nbd7 9. f3 b5 10. Qf2 Rb8 11. O-O-O Be7 12. g4 Nb6 13. Nc5 b4 14. Nb1 Bxa2 15.
Nxa6 Nc4 16. Nxb8 Qxb8 17. b3 Nxe3 18. Qxe3 Bxb1 19. Kxb1 O-O 20. Bc4 Qc7 21.
Kb2 d5 22. exd5 Bc5 23. d6 Bxd6 24. g5 Bc5 25. Qe2 Nh5 26. Qe4 Kh8 27. Rd5 f5
28. Rxc5 Qxc5 29. Qd5 Qxd5 30. Bxd5 Nf4 31. Bc4 Nh3 32. Re1 Nxg5 33. Bd5 e4 34.
fxe4 fxe4 35. h4 Rd8 36. Bc6 Nf3 37. Rxe4 Nd4 38. Bd7 g5 39. Rxd4 gxh4 40. Rd3
h6 41. Bh3 Rg8 42. Rd4 1-0

[Event "11. KUP SS OBZ 2018"]
[Site "Našice"]
[Date "2018.02.17"]
[Round "2.2"]
[White "Zubak, Zeljko"]
[Black "Ascic, Judita"]
[Result "1-0"]
[WhiteElo "1982"]
[BlackElo "1391"]
[PlyCount "75"]
[EventDate "2018.02.16"]
[WhiteTeam "ŠK SLAVONAC, Našice"]
[BlackTeam "ŠK ĐAKOVO III, Đakovo"]

1. d4 d5 2. c4 c6 3. Nc3 Bf5 4. cxd5 cxd5 5. Bf4 e6 6. e3 Nf6 7. Nf3 h6 8. Qa4+
Nc6 9. Bb5 Qb6 10. Ne5 Nd7 11. Bxc6 bxc6 12. Qxc6 Qxc6 13. Nxc6 a6 14. O-O Rc8
15. Ne5 Nxe5 16. Bxe5 f6 17. Bg3 Be7 18. f3 O-O 19. e4 dxe4 20. fxe4 Bg6 21. a3
Rfd8 22. Rad1 Bd6 23. Bxd6 Rxd6 24. Kf2 Rcd8 25. Ke3 Bh5 26. Rd2 e5 27. d5 Kf8
28. Na4 Rc8 29. b4 Be8 30. Nc5 Bb5 31. Rc1 Kf7 32. Rdc2 Be8 33. Nb7 Rxc2 34.
Nxd6+ Kf8 35. Rxc2 Ba4 36. Rc7 Kg8 37. Nf5 Kf8 38. d6 1-0

[Event "11. KUP SS OBZ 2018"]
[Site "Našice"]
[Date "2018.02.17"]
[Round "2.3"]
[White "Basrak, Srdjan"]
[Black "Mican, Mato"]
[Result "0-1"]
[WhiteElo "2259"]
[BlackElo "1938"]
[PlyCount "100"]
[EventDate "2018.02.16"]
[WhiteTeam "ŠK BELIŠĆE, Belišće"]
[BlackTeam "ŠK ĐAKOVO II, Đakovo"]

1. e4 e5 2. f4 exf4 3. Nf3 g5 4. Bc4 Bg7 5. O-O h6 6. d4 Ne7 7. c3 O-O 8. d5 d6
9. Re1 Nd7 10. Nbd2 Ng6 11. Nb3 Nde5 12. Bd3 Bg4 13. Nbd4 Qc8 14. Be2 Re8 15.
Qc2 Nxf3+ 16. gxf3 Bh3 17. Bb5 Re7 18. Qf2 Ne5 19. Bf1 a6 20. Bd2 Re8 21. Rad1
Kh7 22. c4 h5 23. Kh1 Bf6 24. Bc3 Rg8 25. Nf5 Bxf5 26. exf5 Kh6 27. Bxe5 Bxe5
28. Bd3 Qd8 29. Rg1 Qf6 30. Rg2 Bd4 31. Qe2 Rae8 32. Be4 Be3 33. Bb1 Re5 34. b3
Rge8 35. Qf1 Bc5 36. Be4 Rxe4 37. fxe4 Rxe4 38. Qd3 Rd4 39. Qc2 Rxd1+ 40. Qxd1
Qxf5 41. Qc2 Qxc2 42. Rxc2 Kg6 43. Kg2 Kf5 44. h3 Ke4 45. Re2+ Be3 46. Re1 f5
47. b4 f3+ 48. Kf1 g4 49. hxg4 fxg4 50. c5 g3 0-1

[Event "11. KUP SS OBZ 2018"]
[Site "Našice"]
[Date "2018.02.17"]
[Round "2.3"]
[White "Skocibusic, Ivo"]
[Black "Berke, Ana"]
[Result "0-1"]
[WhiteElo "1966"]
[BlackElo "2122"]
[PlyCount "120"]
[EventDate "2018.02.16"]
[WhiteTeam "ŠK ĐAKOVO II, Đakovo"]
[BlackTeam "ŠK BELIŠĆE, Belišće"]

1. d4 Nf6 2. c4 e6 3. Nc3 Bb4 4. e3 O-O 5. Bd3 c5 6. Nge2 d5 7. O-O Nc6 8. a3
dxc4 9. Bxc4 cxd4 10. exd4 Be7 11. d5 exd5 12. Nxd5 Nxd5 13. Qxd5 Qxd5 14. Bxd5
Bf5 15. Bf4 Bf6 16. Nc3 Rac8 17. Rfe1 h6 18. Rac1 Rfd8 19. Bxc6 Rxc6 20. Be5
Rd2 21. Bxf6 Rxf6 22. Re2 Rfd6 23. Rxd2 Rxd2 24. b4 g5 25. h3 Kg7 26. Kf1 Rb2
27. Na4 Bd3+ 28. Kg1 Rc2 29. Rxc2 Bxc2 30. Nb2 Kf6 31. Kf1 Ke5 32. Ke2 Kd4 33.
Kd2 Be4 34. f3 Bd5 35. Nd1 Bc6 36. Nb2 h5 37. Nd1 Kc4 38. Nc3 a6 39. Kc2 f5 40.
Nb1 g4 41. hxg4 hxg4 42. Nd2+ Kd4 43. fxg4 fxg4 44. g3 Ke3 45. Nc4+ Kf2 46. Ne5
Kxg3 47. Kd2 Kf4 48. Nd3+ Ke4 49. Nf2+ Kf5 50. Ke3 g3 51. Nh3 Ke5 52. Kd3 Bb5+
53. Kc3 Ke4 54. Kd2 Kd4 55. Ng1 Kc4 56. Kc2 Ba4+ 57. Kb2 Kd3 58. Nh3 Bc6 59. a4
Ke3 60. Kb3 Bd7 0-1

[Event "11. KUP SS OBZ 2018"]
[Site "Našice"]
[Date "2018.02.17"]
[Round "2.3"]
[White "Buric, Danijel"]
[Black "Macanga, Branko"]
[Result "1-0"]
[WhiteElo "2157"]
[BlackElo "1844"]
[PlyCount "65"]
[EventDate "2018.02.16"]
[WhiteTeam "ŠK BELIŠĆE, Belišće"]
[BlackTeam "ŠK ĐAKOVO II, Đakovo"]

1. d4 Nf6 2. Bg5 Ne4 3. Bf4 d6 4. f3 Nf6 5. Nc3 Nbd7 6. e4 e5 7. Be3 Be7 8. g4
h6 9. Qd2 exd4 10. Bxd4 Ne5 11. h3 Be6 12. f4 Nc6 13. Be3 Nh7 14. O-O-O g5 15.
Nf3 gxf4 16. Bxf4 Ng5 17. Nd4 Nxd4 18. Qxd4 Bf6 19. Qe3 Nh7 20. e5 Be7 21. exd6
cxd6 22. Bb5+ Kf8 23. Bxh6+ Kg8 24. Bf4 Nf6 25. Qg3 a6 26. Be2 Rc8 27. Bxd6
Bxd6 28. Rxd6 Qc7 29. Rd3 Qa5 30. Qf4 Nh7 31. Bf3 Ng5 32. Bxb7 Rc4 33. Qf6 1-0

[Event "11. KUP SS OBZ 2018"]
[Site "Našice"]
[Date "2018.02.17"]
[Round "2.3"]
[White "Perci, Franjo"]
[Black "Huis, Dinko"]
[Result "0-1"]
[WhiteElo "1711"]
[BlackElo "2165"]
[PlyCount "74"]
[EventDate "2018.02.16"]
[WhiteTeam "ŠK ĐAKOVO II, Đakovo"]
[BlackTeam "ŠK BELIŠĆE, Belišće"]

1. e4 c5 2. Bc4 e6 3. Nc3 a6 4. a4 Nc6 5. Nge2 Nf6 6. Ng3 d5 7. Ba2 Be7 8. d3
b5 9. exd5 exd5 10. Bg5 Be6 11. O-O b4 12. Nce2 h6 13. Be3 O-O 14. Nf4 Qd7 15.
Nxe6 Qxe6 16. Re1 Qd7 17. h3 Rfe8 18. Nh5 Rad8 19. Nxf6+ Bxf6 20. Rb1 Nd4 21.
c3 Ne6 22. cxb4 cxb4 23. Bb6 Rb8 24. a5 Bd8 25. Qb3 Bxb6 26. axb6 Rxb6 27. Qxd5
Rd6 28. Qa5 Rxd3 29. Qxa6 b3 30. Ra1 bxa2 31. Rxa2 Rd1 32. Ra1 Rxa1 33. Rxa1
Qd2 34. Qb7 Nd4 35. Ra7 Re1+ 36. Kh2 Qf4+ 37. g3 Qxf2+ 0-1

[Event "11. KUP SS OBZ 2018"]
[Site "Našice"]
[Date "2018.02.17"]
[Round "2.4"]
[White "Kovacevic, Srecko"]
[Black "Grguric, Damir"]
[Result "1-0"]
[WhiteElo "2075"]
[BlackElo "1978"]
[PlyCount "111"]
[EventDate "2018.02.16"]
[WhiteTeam "ŠK MLADOST, Osijek"]
[BlackTeam "ŠK DRAGOVOLJAC, Osijek"]

1. Nf3 c5 2. c4 g6 3. Nc3 Bg7 4. e3 Nc6 5. d4 b6 6. d5 Na5 7. Qc2 d6 8. h3 e5
9. dxe6 Bxe6 10. b3 Ne7 11. Bb2 O-O 12. Rd1 a6 13. Ne4 Nb7 14. Bxg7 Kxg7 15.
Qc3+ f6 16. g4 d5 17. g5 Ng8 18. cxd5 Bf5 19. gxf6+ Nxf6 20. Neg5 Qe7 21. Bd3
Bxd3 22. Ne6+ Kg8 23. Qxd3 Rfe8 24. Nfg5 Nd6 25. f3 Ra7 26. Kf2 Nf7 27. e4 Nxg5
28. Nxg5 Nh5 29. h4 Qe5 30. Rdg1 Rd7 31. Qd2 Nf4 32. Rg4 Nxd5 33. exd5 Rxd5 34.
Qf4 Qxf4 35. Rxf4 Rd2+ 36. Kg3 Rxa2 37. Rd1 Rb2 38. Rd7 Rxb3 39. Rff7 Rbe3 40.
Rg7+ Kh8 41. Rxh7+ Kg8 42. Rdg7+ Kf8 43. Rf7+ Kg8 44. Rhg7+ Kh8 45. Rxg6 R8e7
46. Rxe7 Rxe7 47. Rxb6 Rc7 48. Rxa6 c4 49. Ra2 Rc6 50. Rc2 Kg7 51. Ne4 Kg6 52.
Nd2 c3 53. Ne4 Kf5 54. Rxc3 Rg6+ 55. Ng5 Rxg5+ 56. hxg5 1-0

[Event "11. KUP SS OBZ 2018"]
[Site "Našice"]
[Date "2018.02.17"]
[Round "2.4"]
[White "Mravunac, Branko"]
[Black "Elez, Ivan"]
[Result "1-0"]
[WhiteElo "1978"]
[BlackElo "1995"]
[PlyCount "83"]
[EventDate "2018.02.16"]
[WhiteTeam "ŠK DRAGOVOLJAC, Osijek"]
[BlackTeam "ŠK MLADOST, Osijek"]

1. e4 c5 2. f4 d5 3. exd5 Qxd5 4. Nc3 Qd8 5. Nf3 Nf6 6. Bc4 e6 7. d3 Be7 8. O-O
O-O 9. Ne5 Nbd7 10. Be3 Nb6 11. Qf3 Nxc4 12. dxc4 Qb6 13. b3 Rd8 14. Na4 Qc7
15. Rad1 Rxd1 16. Rxd1 Rb8 17. g4 b6 18. g5 Ne8 19. Nc3 Bb7 20. Qh5 g6 21. Qh3
Rd8 22. Rxd8 Qxd8 23. Kf2 Nd6 24. Ng4 Nf5 25. Ne5 Qc7 26. Nb5 Qd8 27. Nc3 a6
28. Ng4 Qd6 29. Ne5 Bxg5 30. Nxf7 Bh4+ 31. Qxh4 Qc6 32. Qh3 Kxf7 33. Qxh7+ Ng7
34. Qh3 Qh1 35. Bd2 Nh5 36. Ne2 Nf6 37. Nc3 b5 38. cxb5 axb5 39. Nxb5 Ne4+ 40.
Ke2 Nxd2 41. Kxd2 Qd5+ 42. Kc1 1-0

[Event "11. KUP SS OBZ 2018"]
[Site "Našice"]
[Date "2018.02.17"]
[Round "2.4"]
[White "Brkic, Valent"]
[Black "Oreskovic, Pero"]
[Result "1-0"]
[WhiteElo "1941"]
[BlackElo "1928"]
[PlyCount "133"]
[EventDate "2018.02.16"]
[WhiteTeam "ŠK MLADOST, Osijek"]
[BlackTeam "ŠK DRAGOVOLJAC, Osijek"]

1. c4 Nf6 2. Nc3 g6 3. e4 d6 4. d4 Bg7 5. g3 O-O 6. Bg2 c5 7. Nge2 a6 8. O-O
Nc6 9. h3 Rb8 10. Be3 cxd4 11. Nxd4 Nxd4 12. Bxd4 b5 13. e5 Ne8 14. Ba7 Rb7 15.
Bxb7 Bxb7 16. exd6 exd6 17. cxb5 axb5 18. Bd4 Qd7 19. Kh2 Bc8 20. g4 Nf6 21.
Nd5 Nxd5 22. Bxg7 Kxg7 23. Qxd5 h5 24. Rad1 Rd8 25. f3 f6 26. Rde1 hxg4 27.
fxg4 Rh8 28. Qd4 Rf8 29. Rf2 Rf7 30. Ref1 Qe6 31. Qc3 g5 32. Rf5 Kg6 33. Qd3
Kg7 34. a3 Qa2 35. R5f2 Qe6 36. Qxb5 d5 37. Qb8 d4 38. Rd1 Bb7 39. Rxd4 Qe1 40.
Rdd2 Qh1+ 41. Kg3 Qg1+ 42. Rg2 Bxg2 43. Rxg2 Qe1+ 44. Kh2 Qc1 45. Qd6 Qf1 46.
b4 Ra7 47. Rc2 Qb5 48. Rf2 Rf7 49. Qg3 Rd7 50. Qf3 Qa6 51. a4 Rd4 52. b5 Qd6+
53. Qg3 Qb6 54. Rc2 Kg6 55. Qb3 Qd6+ 56. Qg3 Qb6 57. Qf2 Qd6+ 58. Kg2 Rxa4 59.
Qf5+ Kh6 60. Rf2 Rd4 61. Qxf6+ Qxf6 62. Rxf6+ Kg7 63. Rb6 Rd2+ 64. Kf3 Rd4 65.
Rb8 Kf6 66. b6 Ke7 67. b7 1-0

[Event "11. KUP SS OBZ 2018"]
[Site "Našice"]
[Date "2018.02.17"]
[Round "2.4"]
[White "Zorman, Antun"]
[Black "Kajic, Josip"]
[Result "0-1"]
[WhiteElo "1917"]
[BlackElo "1734"]
[PlyCount "128"]
[EventDate "2018.02.16"]
[WhiteTeam "ŠK DRAGOVOLJAC, Osijek"]
[BlackTeam "ŠK MLADOST, Osijek"]

1. e4 e5 2. Nf3 Nc6 3. c3 d5 4. Bb5 dxe4 5. Ng1 Qd5 6. c4 Qd6 7. Ne2 Nf6 8. b3
Bg4 9. Bb2 O-O-O 10. Bxc6 Qxc6 11. O-O Bc5 12. Qe1 Rhe8 13. Ng3 h5 14. Nc3 Bd4
15. h3 Bxc3 16. Bxc3 h4 17. hxg4 hxg3 18. Qe3 gxf2+ 19. Qxf2 Kb8 20. Qf5 Qc5+
21. Qf2 e3 22. Qxe3 Qxe3+ 23. dxe3 Ne4 24. Be1 f6 25. g3 Rd3 26. Rf3 Red8 27.
Bf2 Rd1+ 28. Rxd1 Rxd1+ 29. Kg2 Rd2 30. Kf1 Rxa2 31. Be1 c5 32. g5 Nxg5 33. Rf2
Ra1 34. Ke2 Ne4 35. Rf1 Ra2+ 36. Kd3 Ng5 37. Rh1 e4+ 38. Kc3 Nf3 39. g4 Nxe1
40. Rxe1 Rg2 41. b4 cxb4+ 42. Kxb4 Rxg4 43. Kc5 Rg5+ 44. Kd6 Re5 45. Rg1 g5 46.
Rf1 Ra5 47. c5 Kc8 48. Rh1 Ra6+ 49. Kd5 Rc6 50. Rh8+ Kc7 51. Rh7+ Kb8 52. Rh8+
Rc8 53. Rh6 f5 54. Rg6 g4 55. Rg5 a5 56. Rxf5 Rg8 57. c6 bxc6+ 58. Kxc6 g3 59.
Rb5+ Kc8 60. Rb1 g2 61. Rg1 Rg5 62. Kd6 a4 63. Ke6 a3 64. Kf6 Ra5 0-1

[Event "11. KUP SS OBZ 2018"]
[Site "Našice"]
[Date "2018.02.17"]
[Round "2.5"]
[White "Dusper, Hrvoje"]
[Black "Roklicer, Heike"]
[Result "1/2-1/2"]
[WhiteElo "2216"]
[BlackElo "2059"]
[PlyCount "31"]
[EventDate "2018.02.16"]
[WhiteTeam "ŠK ĐURĐENOVAC, Đurđenovac"]
[BlackTeam "ŠK DONJI MIHOLJAC, Donji Miholjac"]

1. d4 d5 2. Nf3 c6 3. c4 Nf6 4. Nc3 a6 5. c5 Nbd7 6. Bf4 Nh5 7. Bd2 Nhf6 8. e3
g6 9. Be2 Bg7 10. O-O Qc7 11. b4 O-O 12. a4 e5 13. b5 exd4 14. exd4 axb5 15.
axb5 Rxa1 16. Qxa1 1/2-1/2

[Event "11. KUP SS OBZ 2018"]
[Site "Našice"]
[Date "2018.02.17"]
[Round "2.5"]
[White "Sos, Fran"]
[Black "Vitkovic, Andrija"]
[Result "1-0"]
[WhiteElo "1983"]
[BlackElo "1894"]
[PlyCount "96"]
[EventDate "2018.02.16"]
[WhiteTeam "ŠK DONJI MIHOLJAC, Donji Miholjac"]
[BlackTeam "ŠK ĐURĐENOVAC, Đurđenovac"]

1. d4 Nf6 2. c4 e5 3. dxe5 Ng4 4. Nf3 Nc6 5. a3 Ngxe5 6. Nxe5 Nxe5 7. e3 Be7 8.
Nc3 O-O 9. Be2 Ng6 10. O-O d6 11. Nd5 Be6 12. Nxe7+ Qxe7 13. Qc2 f5 14. f4 Rae8
15. Bd2 Qf7 16. Rac1 c6 17. Bb4 c5 18. Bd2 b6 19. b4 Ne7 20. Bf3 Rc8 21. b5 d5
22. cxd5 Bxd5 23. e4 fxe4 24. Bxe4 Bxe4 25. Qxe4 Nf5 26. Bc3 Rfe8 27. Be5 Ra8
28. Rcd1 Nd4 29. Rd3 Nxb5 30. Rg3 Nd6 31. Qb1 Nf5 32. Rg5 g6 33. g4 Nh4 34. Qe1
Rxe5 35. Rxe5 g5 36. Rxg5+ Ng6 37. f5 Qf6 38. Qe3 Rf8 39. Re1 c4 40. fxg6 hxg6
41. Qe6+ Kg7 42. Qxf6+ Rxf6 43. Rge5 Rf3 44. g5 Rf7 45. a4 a6 46. Re7 b5 47.
Rxf7+ Kxf7 48. axb5 axb5 1-0

[Event "11. KUP SS OBZ 2018"]
[Site "Našice"]
[Date "2018.02.17"]
[Round "2.5"]
[White "Fridl, Miroslav"]
[Black "Ronta, Ivan"]
[Result "1-0"]
[WhiteElo "1989"]
[BlackElo "1685"]
[PlyCount "71"]
[EventDate "2018.02.16"]
[WhiteTeam "ŠK ĐURĐENOVAC, Đurđenovac"]
[BlackTeam "ŠK DONJI MIHOLJAC, Donji Miholjac"]

1. c4 Nf6 2. Nc3 g6 3. g3 Bg7 4. Bg2 O-O 5. e4 d6 6. Nge2 e5 7. O-O Nc6 8. d3
a5 9. h3 Nd7 10. Be3 Nc5 11. a3 Ne6 12. Rb1 f5 13. exf5 gxf5 14. Qd2 Qf6 15.
Nd5 Qf7 16. f4 exf4 17. Ndxf4 Ncd4 18. Nxd4 Nxd4 19. Kh2 c6 20. b4 a4 21. Bxd4
Bxd4 22. b5 Bd7 23. Bf3 Kh8 24. Ne2 Be5 25. d4 Bf6 26. bxc6 Bxc6 27. d5 Be8 28.
Rb6 Be5 29. Rfb1 Rb8 30. Qb4 Qc7 31. Rxb7 Rxb7 32. Qxb7 Qxc4 33. Qe7 Rg8 34.
Rb8 Bxg3+ 35. Nxg3 Qf4 36. Qf6+ 1-0

[Event "11. KUP SS OBZ 2018"]
[Site "Našice"]
[Date "2018.02.17"]
[Round "2.5"]
[White "Cmelak, Antonio"]
[Black "Karlic, Hrvoje"]
[Result "0-1"]
[WhiteElo "1649"]
[BlackElo "1934"]
[PlyCount "80"]
[EventDate "2018.02.16"]
[WhiteTeam "ŠK DONJI MIHOLJAC, Donji Miholjac"]
[BlackTeam "ŠK ĐURĐENOVAC, Đurđenovac"]

1. e4 e5 2. Nf3 Nc6 3. Bc4 Bc5 4. O-O Nf6 5. d4 Bxd4 6. Nxd4 Nxd4 7. c3 Ne6 8.
Bxe6 fxe6 9. Bg5 O-O 10. Nd2 Qe8 11. Qb3 Qg6 12. Bxf6 Rxf6 13. Rad1 d6 14. f3
b6 15. Qc4 Qf7 16. Qe2 a5 17. Nc4 Ba6 18. Rfe1 d5 19. exd5 exd5 20. Qxe5 dxc4
21. Rd2 Rf8 22. Qd5 Qxd5 23. Rxd5 Bc8 24. Re7 R6f7 25. Ree5 Rf5 26. Rxf5 Bxf5
27. Kf2 h6 28. Rd4 Be6 29. a3 g5 30. h4 g4 31. Re4 Rf6 32. f4 Bd5 33. Re5 c6
34. Kg3 Re6 35. Rh5 Kg7 36. Kxg4 Bxg2 37. Kg3 Be4 38. f5 Rd6 39. Kf4 Bc2 40.
Ke5 Rf6 0-1

[Event "11. KUP SS OBZ 2018"]
[Site "Našice"]
[Date "2018.02.17"]
[Round "3.1"]
[White "Runic, Zoran"]
[Black "Drmic, Tomislav"]
[Result "1-0"]
[WhiteElo "2378"]
[BlackElo "2259"]
[PlyCount "100"]
[EventDate "2018.02.16"]
[WhiteTeam "ŠK OSIJEK 2017, Osijek"]
[BlackTeam "ŠK SLAVONAC, Našice"]

1. e4 e6 2. d4 d5 3. Bd3 dxe4 4. Bxe4 Nf6 5. Bf3 c5 6. Ne2 Nc6 7. Be3 cxd4 8.
Nxd4 Ne5 9. Be2 Nd5 10. Bc1 Bc5 11. Nb3 Bb6 12. O-O O-O 13. c4 Nb4 14. c5 Bc7
15. Nc3 Qe7 16. Be3 Rd8 17. Qb1 Nd5 18. Nxd5 exd5 19. Qc2 Ng4 20. Bxg4 Bxg4 21.
Nd4 Rac8 22. Rfe1 Qh4 23. g3 Qh5 24. f4 Ba5 25. Bd2 Bxd2 26. Qxd2 Rxc5 27. Re7
Bd7 28. Rae1 Qg4 29. Qe3 Rcc8 30. f5 h6 31. b3 Re8 32. Qf2 Rxe7 33. Rxe7 Bc6
34. f6 Qg5 35. Re3 Qxf6 36. Qxf6 gxf6 37. Rf3 Bd7 38. Rxf6 Rc1+ 39. Kf2 Kg7 40.
Rd6 Bg4 41. h4 Rc5 42. Ke3 a5 43. Kf4 Bc8 44. a4 Rc3 45. Rxd5 Kf6 46. Rxa5 Rd3
47. Rd5 Be6 48. Rd8 Bxb3 49. g4 Be6 50. Nxe6 Rc3 1-0

[Event "11. KUP SS OBZ 2018"]
[Site "Našice"]
[Date "2018.02.17"]
[Round "3.1"]
[White "Grandic, Zvjezdan"]
[Black "Sasvari, Zelimir"]
[Result "0-1"]
[WhiteElo "2210"]
[BlackElo "2188"]
[PlyCount "142"]
[EventDate "2018.02.16"]
[WhiteTeam "ŠK SLAVONAC, Našice"]
[BlackTeam "ŠK OSIJEK 2017, Osijek"]

1. e4 c5 2. Nf3 e6 3. c4 Nc6 4. Nc3 a6 5. d3 d6 6. g3 Be7 7. Bg2 Bf6 8. Be3 Nd4
9. O-O Ne7 10. h3 Nec6 11. Nh2 Rb8 12. Ng4 Be7 13. f4 h5 14. Nh2 b5 15. cxb5
axb5 16. Nf3 Bf6 17. e5 dxe5 18. Ne4 Be7 19. fxe5 Nf5 20. Bf2 Ncd4 21. Rc1 Bb7
22. Nxc5 Bxf3 23. Bxf3 h4 24. g4 Ng3 25. Re1 Bg5 26. Rc3 O-O 27. Ne4 Bf4 28.
Kg2 Bxe5 29. Rc5 Nxf3 30. Qxf3 Bd4 31. Bxg3 hxg3 32. Rc6 f5 33. gxf5 Rxf5 34.
Qxg3 Rc8 35. Rec1 Rxc6 36. Rxc6 Qd5 37. Rc8+ Kh7 38. Qh4+ Rh5 39. Qd8 Qxd8 40.
Rxd8 Bxb2 41. Rd6 Rd5 42. Rxd5 exd5 43. Nd6 b4 44. Nf5 d4 45. Kf3 g6 46. Ne7
Kh6 47. Kg4 Bc3 48. Nd5 Bd2 49. Nf6 Bc3 50. Ne4 Be1 51. h4 Bc3 52. Ng3 Be1 53.
Ne4 Kg7 54. Ng5 Kf6 55. Nf3 Bf2 56. Kf4 Kg7 57. Ke4 Kh6 58. Nxd4 Bxh4 59. Nc6
Be1 60. d4 Kg5 61. Ke5 Bg3+ 62. Ke6 Kf4 63. Nxb4 g5 64. a4 Ke4 65. Nc6 g4 66.
a5 Bc7 67. a6 Bb6 68. Ne5 g3 69. Ng4 Bxd4 70. Nf6+ Kf3 71. Kd5 g2 0-1

[Event "11. KUP SS OBZ 2018"]
[Site "Našice"]
[Date "2018.02.17"]
[Round "3.1"]
[White "Tarakcija, Hazim"]
[Black "Leakovic, Ivica"]
[Result "1-0"]
[WhiteElo "2204"]
[BlackElo "2141"]
[PlyCount "80"]
[EventDate "2018.02.16"]
[WhiteTeam "ŠK OSIJEK 2017, Osijek"]
[BlackTeam "ŠK SLAVONAC, Našice"]

1. d4 d5 2. Nf3 Nf6 3. c4 e6 4. g3 Be7 5. Bg2 O-O 6. Qc2 Nbd7 7. Nbd2 c5 8. O-O
cxd4 9. Nxd4 dxc4 10. Nxc4 Nb6 11. Nxb6 Qxb6 12. Nb3 Nd5 13. Rd1 Nb4 14. Qc4 e5
15. Be3 Qf6 16. Bc5 Na6 17. Bxe7 Qxe7 18. Na5 Rb8 19. a3 b5 20. Qc2 Bd7 21. b4
Rfc8 22. Qd2 Be8 23. Rac1 Rxc1 24. Qxc1 Rd8 25. Bb7 Nc7 26. Kg2 h6 27. Rxd8
Qxd8 28. Qe3 Qd6 29. Qxa7 g6 30. Qe3 Kg7 31. Qc3 g5 32. e3 f6 33. Be4 Bd7 34.
Nb7 Qb6 35. Nc5 Bc6 36. Qd3 Na6 37. Ne6+ Kg8 38. Bd5 Bxd5+ 39. Qxd5 Kh7 40.
Qd7+ Kg6 1-0

[Event "11. KUP SS OBZ 2018"]
[Site "Našice"]
[Date "2018.02.17"]
[Round "3.1"]
[White "Zubak, Zeljko"]
[Black "Tomicic, Zvonimir"]
[Result "0-1"]
[WhiteElo "1982"]
[BlackElo "2183"]
[PlyCount "72"]
[EventDate "2018.02.16"]
[WhiteTeam "ŠK SLAVONAC, Našice"]
[BlackTeam "ŠK OSIJEK 2017, Osijek"]

1. d4 g6 2. c4 d6 3. Nc3 Bg7 4. e4 Nd7 5. Nf3 e6 6. Be2 Ne7 7. Bg5 h6 8. Bh4 g5
9. Bg3 Ng6 10. Qd2 e5 11. dxe5 Ndxe5 12. O-O-O Nxf3 13. gxf3 b6 14. Nd5 Be6 15.
f4 Bxd5 16. exd5 gxf4 17. Bxf4 Nxf4 18. Qxf4 Be5 19. Qf5 Qg5+ 20. Qxg5 hxg5 21.
h3 Ke7 22. Bg4 Raf8 23. Bf5 Rh4 24. b3 Rf4 25. Bd3 Rxf2 26. Bc2 Rh8 27. Rde1
Rh4 28. Rd1 f5 29. Rhf1 Rhf4 30. Rxf2 Rxf2 31. Rh1 Kf6 32. Kd1 g4 33. hxg4 fxg4
34. Rh6+ Kg5 35. Rg6+ Kf4 36. Bd3 Ke3 0-1

[Event "11. KUP SS OBZ 2018"]
[Site "Našice"]
[Date "2018.02.17"]
[Round "3.2"]
[White "Basrak, Srdjan"]
[Black "Tomaic, Goran"]
[Result "1-0"]
[WhiteElo "2259"]
[BlackElo "2083"]
[PlyCount "77"]
[EventDate "2018.02.16"]
[WhiteTeam "ŠK BELIŠĆE, Belišće"]
[BlackTeam "ŠK RADNIK, Velimirovac"]

1. e4 e6 2. d4 d5 3. e5 c5 4. c3 Qb6 5. Nf3 Bd7 6. a3 c4 7. Be2 Nc6 8. O-O Na5
9. Nbd2 Ne7 10. Rb1 Qc7 11. Ne1 Nc8 12. f4 g6 13. g4 Nb6 14. Ng2 O-O-O 15. Ne3
Be7 16. Qe1 f6 17. Nf3 Nb3 18. exf6 Bxf6 19. Ne5 Rdf8 20. g5 Bg7 21. Bg4 Kb8
22. Bh3 Re8 23. Qg3 Re7 24. N3g4 Nc8 25. Nf6 Ba4 26. Be3 Na5 27. f5 gxf5 28.
Bf4 Ka8 29. Ng6 Qd8 30. Nxe7 Bxf6 31. gxf6 Nxe7 32. fxe7 Qxe7 33. Rf2 Qf7 34.
Kh1 Rg8 35. Qf3 Nc6 36. Rg1 Ne7 37. Rxg8+ Qxg8 38. Qg3 Ng6 39. Qg5 1-0

[Event "11. KUP SS OBZ 2018"]
[Site "Našice"]
[Date "2018.02.17"]
[Round "3.2"]
[White "Lijic, Josip"]
[Black "Berke, Ana"]
[Result "0-1"]
[WhiteElo "2009"]
[BlackElo "2122"]
[PlyCount "112"]
[EventDate "2018.02.16"]
[WhiteTeam "ŠK RADNIK, Velimirovac"]
[BlackTeam "ŠK BELIŠĆE, Belišće"]

1. d4 Nf6 2. Nf3 c5 3. e3 e6 4. c3 Be7 5. Bd3 d5 6. b3 O-O 7. O-O Nc6 8. Bb2 a6
9. Nbd2 b5 10. dxc5 Bxc5 11. Nd4 Bb7 12. N2f3 Qc7 13. Nxc6 Bxc6 14. c4 dxc4 15.
bxc4 Rfd8 16. Bxf6 gxf6 17. Qe2 f5 18. cxb5 Bxb5 19. Bxb5 axb5 20. Rab1 Rab8
21. Rfc1 Rdc8 22. Qb2 Qe7 23. Qe5 b4 24. Qg3+ Kh8 25. Qe5+ f6 26. Qb2 Kg7 27.
Rc2 Rc7 28. Rbc1 Rbc8 29. Qb3 Qf7 30. Ne1 Bd6 31. Rxc7 Rxc7 32. Rxc7 Qxc7 33.
g3 Qc1 34. Kf1 Kf7 35. Ke2 Qc6 36. Nd3 Qa6 37. Kd2 Qa5 38. Ke2 Qa6 39. Kd2 Qa5
40. Ke2 Ke7 41. Qc4 e5 42. Nc1 h5 43. h4 Qa3 44. Kf1 f4 45. exf4 exf4 46. Qe2+
Kf8 47. Nb3 Qa8 48. Qxh5 Qh1+ 49. Ke2 Qe4+ 50. Kf1 fxg3 51. Qh8+ Kf7 52. Qh5+
Kg7 53. fxg3 Bxg3 54. Nc5 Qe1+ 55. Kg2 Qf2+ 56. Kh3 Qh2+ 0-1

[Event "11. KUP SS OBZ 2018"]
[Site "Našice"]
[Date "2018.02.17"]
[Round "3.2"]
[White "Buric, Danijel"]
[Black "Pintaric, Ivica"]
[Result "1/2-1/2"]
[WhiteElo "2157"]
[BlackElo "1949"]
[PlyCount "95"]
[EventDate "2018.02.16"]
[WhiteTeam "ŠK BELIŠĆE, Belišće"]
[BlackTeam "ŠK RADNIK, Velimirovac"]

1. d4 f5 2. Bg5 Nf6 3. Nc3 e6 4. e4 fxe4 5. f3 Be7 6. fxe4 O-O 7. Nf3 c6 8. Bd3
Ne8 9. h4 d6 10. e5 c5 11. exd6 Nxd6 12. dxc5 Nf5 13. Bxf5 exf5 14. Qd5+ Qxd5
15. Nxd5 Bxg5 16. hxg5 Re8+ 17. Kf2 Na6 18. Rae1 Be6 19. Nc3 Nxc5 20. Re5 b6
21. Rhe1 Bd7 22. Nd4 g6 23. Rxe8+ Rxe8 24. Rxe8+ Bxe8 25. b4 Na6 26. Nd5 Bf7
27. Ne7+ Kf8 28. Nec6 Bxa2 29. c3 Nc7 30. Nxa7 Nd5 31. Nab5 h6 32. gxh6 Kg8 33.
g4 fxg4 34. Kg3 Kh7 35. Kxg4 Kxh6 36. Kf3 Bb1 37. Ke2 g5 38. Nc6 Kh5 39. c4 Nf6
40. Nc3 Bf5 41. Ne7 Be6 42. c5 bxc5 43. bxc5 Kh4 44. c6 Kh3 45. c7 g4 46. Ncd5
Nxd5 47. Nxd5 Bc8 48. Ne3 1/2-1/2

[Event "11. KUP SS OBZ 2018"]
[Site "Našice"]
[Date "2018.02.17"]
[Round "3.2"]
[White "Lijic, Kristina"]
[Black "Huis, Dinko"]
[Result "0-1"]
[WhiteElo "1698"]
[BlackElo "2165"]
[PlyCount "92"]
[EventDate "2018.02.16"]
[WhiteTeam "ŠK RADNIK, Velimirovac"]
[BlackTeam "ŠK BELIŠĆE, Belišće"]

1. c4 e5 2. Nc3 Nf6 3. Nf3 Nc6 4. g3 Bb4 5. Nd5 Bc5 6. d3 h6 7. Bg2 O-O 8. O-O
d6 9. Nc3 Be6 10. a3 a5 11. Nd2 Qd7 12. Nde4 Nxe4 13. Bxe4 f5 14. Bh1 f4 15.
Ne4 Bb6 16. Bd2 Bh3 17. Bg2 Nd4 18. Bc3 Bxg2 19. Kxg2 Nxe2 20. f3 Nxc3 21. Nxc3
fxg3 22. hxg3 Bd4 23. Nb5 Bb6 24. Qb3 Kh8 25. Nc3 Bd4 26. Ne4 Ra6 27. Rab1 c6
28. Nc3 Rb6 29. Qc2 d5 30. Na4 Ra6 31. c5 Qe7 32. Rbe1 Raa8 33. Rh1 Qf7 34.
Ref1 Rae8 35. Rh4 Re6 36. Qe2 Qe7 37. Qc2 Rg6 38. Rh3 Qg5 39. Qc1 Qf5 40. Qd2
Qe6 41. Rh4 Qe7 42. Rfh1 Rf7 43. Qxa5 Qf6 44. Qe1 Qxf3+ 45. Kh3 Bf2 46. Qxe5
Rxg3+ 0-1

[Event "11. KUP SS OBZ 2018"]
[Site "Našice"]
[Date "2018.02.17"]
[Round "3.3"]
[White "Hlavac, Iva"]
[Black "Kovacevic, Srecko"]
[Result "0-1"]
[WhiteElo "1923"]
[BlackElo "2075"]
[PlyCount "88"]
[EventDate "2018.02.16"]
[WhiteTeam "ŠK DAMA, Đakovo"]
[BlackTeam "ŠK MLADOST, Osijek"]

1. e4 c6 2. d4 d5 3. exd5 cxd5 4. Nf3 Nf6 5. c3 Nc6 6. Bb5 Bd7 7. O-O e6 8.
Bxc6 Bxc6 9. Ne5 Rc8 10. Nd2 Be7 11. Ndf3 O-O 12. Nxc6 Rxc6 13. Ne5 Rc8 14. Qb3
Qc7 15. Be3 Bd6 16. f4 g6 17. Rac1 Qb8 18. Qc2 Rc7 19. Qf2 Qd8 20. Qf3 Ne4 21.
Qh3 Qe8 22. g4 f6 23. Nf3 b5 24. a3 Qe7 25. Nd2 Nxd2 26. Bxd2 a5 27. Rce1 Qd7
28. Re2 b4 29. axb4 axb4 30. Rfe1 bxc3 31. bxc3 Re8 32. f5 e5 33. fxg6 hxg6 34.
Qf3 Qf7 35. Rf1 Kg7 36. Ref2 Rf8 37. Qe3 Qe6 38. Qh6+ Kg8 39. h3 Rg7 40. Qe3 e4
41. Qe2 Rh7 42. Kg2 Rff7 43. Qa6 Rxh3 44. Bf4 Qxg4+ 0-1